Lekári, ktorí ušetria na liekoch, získajú vyššie platby od zdravotnej poisťovne
Hospodárenie zdravotných poisťovní (ZP). Príjmy a výdavky zdravotných poisťovní. Zintenzívnenie revízneho systému ZP. Kontrola je náročná na čas, ale šetrí peniaze. Nevyhnutnosť zmeny v kategorizácii liekov. Cesta hľadania úspor ZP. Výdavky na zdravotnú starostlivosť u nás a v zahraničí.
Salvato in:
| Autore principale: | |
|---|---|
| Natura: | Capitolo di libro |
| Lingua: | slovacco |
| Soggetti: | |
| Tags: |
Nessun Tag, puoi essere il primo ad aggiungerne!!
|
MARC
| LEADER | 00000naa a2200000 4500 | ||
|---|---|---|---|
| 001 | r025795 | ||
| 005 | 20230921080510.5 | ||
| 041 | 0 | |a slo | |
| 044 | |a SK | ||
| 245 | 1 | 0 | |a Lekári, ktorí ušetria na liekoch, získajú vyššie platby od zdravotnej poisťovne |c M. Velecký |
| 520 | |a Hospodárenie zdravotných poisťovní (ZP). Príjmy a výdavky zdravotných poisťovní. Zintenzívnenie revízneho systému ZP. Kontrola je náročná na čas, ale šetrí peniaze. Nevyhnutnosť zmeny v kategorizácii liekov. Cesta hľadania úspor ZP. Výdavky na zdravotnú starostlivosť u nás a v zahraničí. | ||
| 610 | 2 | 0 | |a poisťovne zdravotné |
| 610 | 2 | 0 | |a starostlivosť zdravotná |
| 610 | 2 | 0 | |a príjmy |
| 610 | 2 | 0 | |a výdavky |
| 610 | 2 | 0 | |a hospodárenie finančné |
| 610 | 2 | 0 | |a lekári |
| 610 | 2 | 0 | |a liečivá |
| 610 | 2 | 0 | |a kontrola |
| 610 | 2 | 0 | |a Slovensko |
| 100 | 1 | |a Velecký, M. | |